Statistiche per Acquisti più costosi - Olympique Marsiglia

Clicka qui per fare il quiz!

Statistiche generali

  • Questo quiz è stato fatto 5 volte
  • Il punteggio medio è 3 su 19

Statistiche sulle risposte

Costo (M €)DaNazioneAnnoCalciatore% Corretto
25RomaPaesi Bassi2018Kevin Strootman
100%
29,30West Ham UtdFrancia2017Dimitri Payet
80%
20,50FlamengoBrasile2021Gerson
60%
12RomaSpagna2022Pau López
40%
32Sporting BragaPortogallo2023Vitinha
40%
14Boca JuniorsArgentina2019Darío Benedetto
20%
16TolosaFrancia2010André-Pierre Gignac
0%
11,50Standard LiegiBelgio2001Daniel Van Buyten
0%
19Red Bull SalisburgoCroazia2018Duje Caleta-Car
0%
12LillaFrancia2013Florian Thauvin
0%
12Olympique LioneFrancia2008Hatem Ben Arfa
0%
15BenficaGrecia2017Konstantinos Mitroglou
0%
15,50NizzaFrancia2010Loïc Rémy
0%
19PortoArgentina2009Lucho González
0%
12MontpellierFrancia2017Morgan Sanson
0%
12Stella Rossa BelgradoSerbia2018Nemanja Radonjić
0%
13FiorentinaSpagna2021Pol Lirola
0%
12RennesCamerun2009Stéphane Mbia
0%
13NantesFrancia2019Valentin Rongier
0%

Distribuzione punteggi

Percentile per numero di risposta

Percentuale di utenti per punteggio

I tuoi punteggi nel tempo

Non hai fatto questo quiz